000 01120cam a2200289 i 4500
005 20230823110901.0
008 190920s2020 nyua 001 0 eng
010 _a 2019042170
020 _a9781260456134
_q(paperback ;
_qacid-free paper)
020 _z9781260456141
_q(ebook)
040 _aDLC
_beng
_cDLC
_erda
_dDLC
042 _apcc
082 0 0 _a006.25
_223
_bCHI-D
100 1 _aChin, Robert,
245 1 2 _aA DIY smart home guide :
_btools for automating your home monitoring and security using Arduino, ESP8266, and Android /
_cRobert Chin.
260 _aNew York:
_bMcGraw Hill,
_c2020
264 1 _aNew York :
_bMcGraw-Hill Education,
_c[2020]
300 _a459 pages :
_bcol. ill. ;
_c27 cm
336 _atext
_btxt
_2rdacontent
337 _aunmediated
_bn
_2rdamedia
338 _avolume
_bnc
_2rdacarrier
500 _aIncludes index.
650 0 _aHome automation
_vAmateurs' manuals.
906 _a7
_bcbc
_corignew
_d1
_eecip
_f20
_gy-gencatlg
999 _c33275
_d33275